| Tag |
First Indicator |
Second Indicator |
Subfields |
| LEADER |
00000cam a2200000 4500 |
| 001 |
in00000012736 |
| 005 |
20151007051907.0 |
| 008 |
800402s1932 enk 00011 eng |
| 010 |
|
|
|a 32014444
|
| 035 |
|
|
|a (OCoLC)06157670
|
| 035 |
|
|
|9 AAA5312AM
|
| 040 |
|
|
|a DLC
|c IND
|d m.c.
|d TXA
|d UtOrBLW
|
| 049 |
|
|
|a TXAS
|c [A08599026]
|
| 050 |
0 |
0 |
|a PZ3.B7283
|b Me
|
| 100 |
1 |
|
|a Isherwood, Christopher,
|d 1904-1986.
|
| 245 |
1 |
4 |
|a The memorial :
|b portrait of a family /
|c [by] Christopher Isherwood.
|
| 264 |
|
1 |
|a London :
|b L. and Virginia Woolf,
|c 1932.
|
| 300 |
|
|
|a 294 pages ;
|c 19 cm.
|
| 336 |
|
|
|a text
|b txt
|2 rdacontent
|
| 337 |
|
|
|a unmediated
|b n
|2 rdamedia
|
| 338 |
|
|
|a volume
|b nc
|2 rdacarrier
|
| 999 |
|
|
|a MARS
|
| 999 |
f |
f |
|s fae0fe01-4ccb-3f76-8375-871aac773680
|i 94c8b508-aa00-3a11-a8e1-3825bb34b26b
|t 0
|
| 952 |
f |
f |
|p noncirc
|a Texas A&M University
|b College Station
|c Cushing Memorial Library & Archives
|d Cushing: Rare Books (Does not check out)
|t 0
|e PZ3.B7283 Me
|h Library of Congress classification
|i unmediated -- volume
|m A14808599026
|
| 998 |
f |
f |
|a PZ3.B7283 Me
|t 0
|l Cushing: Rare Books (Does not check out)
|